000 00567nam a2200229Ia 4500
001 1363
003 GE_BSU
008 181216s||||||||xx |||||||||||||| ||und||
040 _cGE_BSU
080 _a551.35
100 _aШепард,Ф.П.
245 _aМорская геология
245 _cПер. с англ. С.С. Филатова
260 _aЛенинград
260 _bНедра
260 _c1976
300 _a488стр.
541 _h18л.
653 _aГеология
653 _aМорская геология
942 _cBK
999 _c35502
_d35502